A táncsport közösségépítő szerepe a 17-25 éves korosztály körében

Bibliographic Details
Main Author: Horváth Adrienn
Other Authors: Hédi Dr. Csaba
Format: Thesis
Kulcsszavak:közösségépítés
táncsport
közösségszervezés
Online Access:http://dolgozattar.uni-bge.hu/21098

MARC

LEADER 00000nta a2200000 i 4500
001 dolg21098
005 20190904140129.0
008 190513suuuu hu om 000 hun d
040 |a BGE Dolgozattár Repozitórium  |b hun 
041 |a hu 
100 1 |a Horváth Adrienn 
245 1 2 |a A táncsport közösségépítő szerepe a 17-25 éves korosztály körében  |c Horváth Adrienn  |h [elektronikus dokumentum] 
246 1 1 |a A táncsport közösségépítő szerepe a 17-25 éves korosztály körében 
695 |a közösségépítés 
695 |a táncsport 
695 |a közösségszervezés 
700 1 |a Hédi Dr. Csaba  |e ths 
856 4 0 |u http://dolgozattar.uni-bge.hu/21098/1/HorvathAdrienn_MFJAJN_ANDR.pdf  |z Dokumentum-elérés